Balyakalasakhi (Record no. 91866)

MARC details
000 -LEADER
fixed length control field 01892nam a2200253Ia 4500
003 - CONTROL NUMBER IDENTIFIER
control field OSt
005 - DATE AND TIME OF LATEST TRANSACTION
control field 20240626113056.0
008 - FIXED-LENGTH DATA ELEMENTS--GENERAL INFORMATION
fixed length control field 210210b2018 xxu||||| |||| 00| 0 eng d
020 ## - INTERNATIONAL STANDARD BOOK NUMBER
International Standard Book Number 9788171300099
040 ## - CATALOGING SOURCE
Transcribing agency AL
041 ## - LANGUAGE CODE
Language code of text/sound track or separate title Malayalam
082 ## - DEWEY DECIMAL CLASSIFICATION NUMBER
Classification number 894.8123 BASB
100 ## - MAIN ENTRY--PERSONAL NAME
Personal name Vaikom Muhammad Basheer
9 (RLIN) 58197
Dates associated with a name വൈക്കം മുഹമ്മദ് ബഷീർ
245 ## - TITLE STATEMENT
Title Balyakalasakhi
Remainder of title ബാല്യകാലക്ഷി
260 ## - PUBLICATION, DISTRIBUTION, ETC.
Place of publication, distribution, etc. Kottayam
Name of publisher, distributor, etc. D C Books
Date of publication, distribution, etc. 2018
300 ## - PHYSICAL DESCRIPTION
Extent 93p.
Other physical details PB
Dimensions 21x13cm.
520 ## - SUMMARY, ETC.
Summary, etc. The childhood romance between neighbours blossoms into passionate love during adolescence. Majeed's father was rich once, so could send him to a school in the distant town, although he was not very good at studies. Suhra's father on the other hand had trouble making both ends meet. Even then he wanted to send his daughter, who was good at studies to the school. But after her father's death, all her hopes of further studies was ruined. Majeed begs his father to sponsor Suhra's education, but he refuses. Majeed leaves home after a skirmish with his father, and wanders over distant lands for a long time before returning home. On his return, he finds that his family's former affluence is all gone, and that his beloved Suhra has married someone else. He is grief struck at the loss of love, and this is when Suhra turns up at his home. She is a shadow of her former self. The beautiful, sunshiny, vibrant Suhra of old is now a woman worn out by life, battered hard by a loveless marriage to an abusive husband. Majeed commands her, "Suhra, don't go back!" and she stays.
650 ## - SUBJECT ADDED ENTRY--TOPICAL TERM
Topical term or geographic name entry element Malayalam Novel
9 (RLIN) 58523
650 ## - SUBJECT ADDED ENTRY--TOPICAL TERM
Topical term or geographic name entry element Malayalam Fiction
9 (RLIN) 58524
690 ## - LOCAL SUBJECT ADDED ENTRY--TOPICAL TERM (OCLC, RLIN)
Topical term or geographic name as entry element Malayalam: മലയാളം
9 (RLIN) 58198
700 ## - ADDED ENTRY--PERSONAL NAME
Personal name BASHEER (Vaikom Muhammad): ബഷീർ (വൈക്കം മുഹമ്മദ്)
9 (RLIN) 58492
906 ## - LOCAL DATA ELEMENT F, LDF (RLIN)
a 072405
942 ## - ADDED ENTRY ELEMENTS (KOHA)
Source of classification or shelving scheme Dewey Decimal Classification
Koha item type Book
Holdings
Withdrawn status Lost status Source of classification or shelving scheme Damaged status Not for loan Collection code Home library Current library Date acquired Source of acquisition Cost, normal purchase price Total Checkouts Full call number Barcode Date last seen Date last checked out Price effective from Koha item type Cost, replacement price
    Dewey Decimal Classification     Others St Aloysius Library St Aloysius Library 02/17/2021 Biblios Book Point, Surathkal-575014 85.00 6 894.8123 BASB 072405 09/18/2024 09/11/2024 02/17/2021 Book  
    Dewey Decimal Classification     Others St Aloysius Library St Aloysius Library 09/21/2022 DC Books 90.00 7 894.8123 BASB 076095 12/20/2025 12/17/2025 09/26/2022 Book 120.00